000 00564nam a2200181Ia 4500
005 20250508160026.0
008 008 250505s9999 xx 000 0 eng d
037 _aBooks to be hide in OPAC
040 _aFEDL
_beng
_cFEDL
041 _aeng
_2eng
084 _a378.415, IRE/O
_qFEDL
245 0 _aThird report of the commisioners
245 0 _cRoyal Commission On University Education In Ireland
260 _aDublin
_bHis Majesty's Stationery Office
_c1902
300 _axv,671p.
942 _cHB
_h378.415, IRE/O
999 _c1361159
_d1361159